000 00309nam a22001337a 4500
008 170614b xxu||||| |||| 00| 0 eng d
020 _a1565911059
041 _aeng
080 _a32
100 _a19
101 _aSHP
245 _aTHE NORTH AND SOUTH KOREAN POLITICAL SYSTEMS
_cYANG,S.CH
942 _2udc
_cBK
999 _c17348
_d17348